[Event "Int SVK-ch Open 2020"]
[Site "Drienica"]
[Date "2020.08.10"]
[Round "4.5"]
[White "Panko, Radoslav"]
[Black "Juhar Roman"]
[Result "1/2-1/2"]
[WhiteElo "2031"]
[BlackElo "2225"]
[Annotator "RC"]
[PlyCount "82"]
[EventDate "2020.08.07"]
[EventType "swiss"]
[EventCountry "SVK"]
[SourceTitle "playchess.com"]
[Source "ChessBase"]
[SourceQuality "1"]
[TimeControl "40/5400+30:1800+30"]

1. f4 {[%emt 0:00:00]} b6 {[%emt 0:00:29]} 2. e4 {[%emt 0:01:00]} Bb7 {[%emt 0:00:05]} 3. d3 {[%emt 0:00:17]} g6 {[%emt 0:00:27]} 4. Nf3 {[%emt 0:00:08]} Bg7 {[%emt 0:00:06]} 5. Be2 {[%emt 0:00:14]} e6 {[%emt 0:00:07]} 6. c4 {[%emt 0:02:10]} Ne7 {[%emt 0:00:34]} 7. Nc3 {[%emt 0:00:24]} f5 {[%emt 0:01:10]} 8. e5 {[%emt 0:02:31]} d6 {[%emt 0:02:03]} 9. d4 {[%emt 0:04:58]} dxe5 {[%emt 0:01:09]} 10. dxe5 {[%emt 0:03:25]} Qxd1+ {[%emt 0:00:17]} 11. Bxd1 {[%emt 0:00:24]} h6 {[%emt 0:01:34]} 12. Nb5 {[%emt 0:04:26]} Na6 {[%emt 0:02:26]} 13. O-O {[%emt 0:08:12]} Kf7 {[%emt 0:01:31]} 14. a3 {[%emt 0:03:15]} Rhd8 {[%emt 0:01:49]} 15. Be3 {[%emt 0:01:03]} Be4 {[%emt 0:00:24]} 16. Be2 {[%emt 0:00:41]} Bd3 {[%emt 0:00:51]} 17. Kf2 {[%emt 0:01:00]} Nc6 {[%emt 0:01:26]} 18. b4 {[%emt 0:02:02]} g5 {[%emt 0:01:02]} 19. g3 {[%emt 0:03:56]} Rd7 {[%emt 0:06:37]} 20. Rad1 {[%emt 0:06:30]} Rad8 {[%emt 0:00:52]} 21. Nc3 {[%emt 0:00:37]} g4 {[%emt 0:00:36]} 22. Ng1 {[%emt 0:08:59]} Nab8 {[%emt 0:05:08]} 23. Bxd3 {[%emt 0:02:41]} Rxd3 {[%emt 0:02:00]} 24. Rxd3 {[%emt 0:00:06]} Rxd3 {[%emt 0:00:04]} 25. Nge2 {[%emt 0:00:05]} Bf8 {[%emt 0:05:44]} 26. Rd1 {[%emt 0:00:23]} Rxd1 {[%emt 0:01:23]} 27. Nxd1 {[%emt 0:00:02]} Ke8 {[%emt 0:00:35]} 28. Ke1 {[%emt 0:01:35]} Kd7 {[%emt 0:01:27]} 29. Kd2 {[%emt 0:00:08]} h5 {[%emt 0:01:46]} 30. Nf2 {[%emt 0:00:36]} Ne7 {[%emt 0:00:10]} 31. Nd3 {[%emt 0:00:33]} Ng6 {[%emt 0:00:08]} 32. Kc3 {[%emt 0:01:39]} Nc6 {[%emt 0:01:32]} 33. c5 {[%emt 0:00:40]} Bh6 {[%emt 0:00:52]} 34. Bf2 {[%emt 0:03:10]} Nce7 {[%emt 0:00:30]} 35. Kc4 {[%emt 0:02:52]} Nc6 {[%emt 0:07:17]} 36. Kb5 {[%emt 0:11:29]} Nb8 {[%emt 0:00:48]} 37. a4 {[%emt 0:00:21]} Ne7 {[%emt 0:03:30]} 38. Nd4 {[%emt 0:21:11]} Bf8 {[%emt 0:07:56]} 39. Nb3 {[%emt 0:03:35]} Nd5 {[%emt 0:01:47]} 40. cxb6 {[%emt 0:01:26]} cxb6 {[%emt 0:00:31]} 41. Kc4 {[%emt 0:04:07]} a6 {[%emt 0:03:59]} 1/2-1/2

[Event "Int SVK-ch Open 2020"]
[Site "Drienica"]
[Date "2020.08.10"]
[Round "4.5"]
[White "Strapec, Lukas"]
[Black "Skovran, Jaroslav"]
[Result "1/2-1/2"]
[WhiteElo "1517"]
[BlackElo "1975"]
[Annotator "ChessBase"]
[PlyCount "62"]
[EventDate "2020.08.07"]
[EventType "swiss"]
[EventCountry "SVK"]
[SourceTitle "playchess.com"]
[Source "ChessBase"]
[SourceQuality "1"]
[TimeControl "40/5400+30:1800+30"]

1. d4 d5 {[%emt 0:01:45]} 2. Nf3 {[%emt 0:00:27]} Nf6 {[%emt 0:00:13]} 3. c4 {[%emt 0:01:12]} e6 {[%emt 0:00:17]} 4. Nc3 {[%emt 0:01:32]} Be7 {[%emt 0:03:01]} 5. Bf4 {[%emt 0:01:44]} c6 {[%emt 0:00:36]} 6. e3 {[%emt 0:03:06]} O-O {[%emt 0:01:32]} 7. Qc2 {[%emt 0:03:40]} Nbd7 {[%emt 0:00:45]} 8. Bd3 {[%emt 0:05:56]} Re8 {[%emt 0:00:34]} 9. O-O {[%emt 0:05:36]} Nf8 {[%emt 0:01:20]} 10. Rab1 {[%emt 0:16:08]} Nh5 {[%emt 0:17:53]} 11. Be5 {[%emt 0:09:36]} f6 {[%emt 0:07:07]} 12. Bg3 {[%emt 0:04:36]} g6 {[%emt 0:04:26]} 13. b4 {[%emt 0:06:45]} Nxg3 {[%emt 0:04:34]} 14. hxg3 {[%emt 0:06:26]} a6 {[%emt 0:04:32]} 15. a4 {[%emt 0:07:29]} b6 {[%emt 0:06:57]} 16. b5 {[%emt 0:07:19]} dxc4 {[%emt 0:05:36]} 17. Bxc4 {[%emt 0:01:07]} cxb5 {[%emt 0:00:27]} 18. axb5 {[%emt 0:01:13]} a5 {[%emt 0:00:13]} 19. Qe4 {[%emt 0:03:15]} Rb8 {[%emt 0:01:12]} 20. Rfd1 {[%emt 0:05:24]} Bd6 {[%emt 0:04:11]} 21. Rbc1 {[%emt 0:05:18]} Kg7 {[%emt 0:00:33]} 22. Ne2 {[%emt 0:01:31]} Bb7 {[%emt 0:00:36]} 23. Qd3 {[%emt 0:01:14]} Qe7 {[%emt 0:01:39]} 24. e4 {[%emt 0:00:38]} Rbd8 {[%emt 0:01:15]} 25. d5 {[%emt 0:00:43]} exd5 {[%emt 0:00:23]} 26. exd5 {[%emt 0:00:28]} Ba3 {[%emt 0:03:16]} 27. Rc2 {[%emt 0:00:32]} Bc5 {[%emt 0:02:26]} 28. Nf4 {[%emt 0:00:28]} Qd6 {[%emt 0:01:00]} 29. Re2 {[%emt 0:00:29]} Bc8 {[%emt 0:01:51]} 30. Rde1 {[%emt 0:00:29]} Bd7 {[%emt 0:01:58]} 31. Rxe8 {[%emt 0:00:17]} Rxe8 1/2-1/2

[Event "Int SVK-ch Open 2020"]
[Site "Drienica"]
[Date "2020.08.12"]
[Round "4.6"]
[White "Dujava, Daniel"]
[Black "Mrvova Alena"]
[Result "0-1"]
[WhiteElo "2111"]
[BlackElo "2188"]
[Annotator "TA"]
[PlyCount "116"]
[EventDate "2020.08.07"]
[EventType "swiss"]
[EventCountry "SVK"]
[SourceTitle "playchess.com"]
[Source "ChessBase"]
[SourceQuality "1"]

{[%evp 15,116,23,38,10,46,9,22,-14,-4,-14,66,39,72,85,97,85,123,145,124,76,80,78,77,70,109,114,173,74,89,56,105,125,191,70,108,68,91,75,104,39,47,54,79,72,170,68,81,-8,0,0,0,-51,41,-17,45,27,27,-98,8,8,10,10,10,10,13,14,68,60,148,0,131,0,76,-3,-5,-8,35,41,43,41,60,0,0,0,4,0,0,-83,-83,-150,-168,-224,-251,-417,-316,-318,-321,-329,-321,-378,-377,-665,-658]} 1. e4 c5 2. Nf3 d6 3. d4 cxd4 4. Nxd4 Nf6 5. Nc3 a6 6. Bc4 e6 7. Bb3 Be7 {7...Nbd7 is a critical line.} 8. g4 h6 9. Rg1 {B86: Sicilian Scheveningen/Najdorf: 6 Bc4, without early ...b5.} Qc7 {[#]} 10. f4 $146 ({Predecessor:} 10. Qf3 Nc6 11. Be3 Ne5 12. Qe2 b5 13. O-O-O Bd7 14. f4 Nc4 15. g5 hxg5 16. fxg5 Nh5 {0-1 (38) Johnson,J (2119)-Syed Ahmad,A (2343) Baku 2016}) 10... Nfd7 11. Nf3 {The position is equal.} Nc5 12. Qe2 Nxb3 (12... b5 $11) 13. axb3 $14 Nd7 14. Be3 b6 15. f5 Bb7 16. fxe6 fxe6 17. Nd4 Bh4+ 18. Bf2 Bxf2+ 19. Qxf2 Nf8 20. O-O-O O-O-O (20... Qe7 $16 {might work better.}) 21. Rgf1 (21. Rg3 $18 {has better winning chances. Ncb5! is the strong threat.} Qe7 22. b4) 21... Kb8 22. Qe2 Qd7 23. e5 d5 (23... Qe7 $16) 24. Qd3 (24. Na4 $1 $18) 24... Qe8 25. h4 Qe7 26. Qg3 Ng6 27. Nf3 (27. h5 $16 Nf8 28. Nce2) 27... d4 28. Nxd4 Nxh4 29. Kb1 Ng6 {[#]} (29... Rhe8 $16) 30. Qe3 (30. Qd3 $1 $18 {[%cal Rd3g6]} Qe8 31. Na4) 30... Rhe8 $1 31. Nf3 (31. b4 $16) 31... Qc7 32. Rxd8+ Rxd8 33. Re1 (33. Nd4 $11 Qc5 34. Rd1) 33... b5 (33... Qc5 $15) 34. b4 (34. Nd4 $14 Qb6 35. Rd1) 34... Rc8 ({Black should try} 34... Qc4 $11) 35. Nd4 Qc4 $1 36. Qd3 (36. Ne4 $11 Bxe4 37. Qxe4) 36... Nf4 (36... Qxd3 $17 37. cxd3 Nf4) 37. Qd2 $1 $11 {[%cal Rd2f4]} g5 38. Ne4 Bxe4 $1 39. Rxe4 Qd5 40. Re1 Qd7 (40... Rc4 $11 41. c3 a5) 41. Rh1 Qg7 {[#]} ({Black should play} 41... Rd8 $14 42. c3 Rh8) 42. Re1 (42. Nb3 $1 $16) 42... Qg6 (42... Qd7 $11) 43. Qe3 (43. Nb3 $16 {aiming for Qd6+.} Nd5 44. Nc5) 43... Rc4 (43... Nd5 $11 44. Qd2 Rc4) 44. Qe4 (44. Rf1 $16) 44... Qxe4 45. Rxe4 {[%mdl 4096] Endgame KRN-KRN} Kc7 46. c3 Kd7 47. Kc2 Rc8 48. Nb3 (48. Re1 $14) 48... Ke7 49. Re1 Ng6 50. Nc5 a5 51. Nd3 (51. Kb3 $11 {keeps the balance.}) 51... axb4 $17 52. Nxb4 (52. Rh1 $142) 52... Rc4 53. Nd3 (53. Rh1 $142) 53... Rxg4 $19 54. Ra1 $2 (54. Rh1 Rh4 55. Ra1) 54... h5 55. Ra7+ Kf8 56. Nc5 {Strongly threatening Nd7+.} Rg2+ ({Less strong is} 56... Nxe5 57. Nxe6+ Kg8 58. Rg7+ Kh8 59. Kd1 $17) 57. Kb3 Nf4 58. Nd7+ $2 (58. Ne4 h4 59. Ra1) 58... Kg7 {Accuracy: White = 33%, Black = 46%.} 0-1

[Event "Int SVK-ch Open 2020"]
[Site "Drienica"]
[Date "2020.08.10"]
[Round "4.6"]
[White "Tomcik, Milan"]
[Black "Paluska, Karol"]
[Result "0-1"]
[WhiteElo "1963"]
[BlackElo "1871"]
[Annotator "ChessBase"]
[PlyCount "72"]
[EventDate "2020.08.07"]
[EventType "swiss"]
[EventCountry "SVK"]
[SourceTitle "playchess.com"]
[Source "ChessBase"]
[SourceQuality "1"]
[TimeControl "40/5400+30:1800+30"]

1. e4 c6 {[%emt 0:00:00]} 2. Nc3 {[%emt 0:02:45]} d5 {[%emt 0:00:02]} 3. Nf3 {[%emt 0:00:09]} Nf6 {[%emt 0:00:36]} 4. e5 {[%emt 0:00:11]} Ne4 {[%emt 0:00:05]} 5. Ne2 {[%emt 0:00:33]} Qb6 {[%emt 0:00:18]} 6. d4 {[%emt 0:00:27]} e6 {[%emt 0:00:19]} 7. Nfg1 {[%emt 0:00:29]} f6 {[%emt 0:00:51]} 8. f3 {[%emt 0:00:10]} Ng5 {[%emt 0:00:05]} 9. exf6 {[%emt 0:00:39]} gxf6 {[%emt 0:00:36]} 10. f4 {[%emt 0:00:23]} Nf7 {[%emt 0:03:39]} 11. Nf3 {[%emt 0:04:16]} c5 {[%emt 0:00:30]} 12. Ng3 {[%emt 0:33:56]} Nc6 {[%emt 0:10:05]} 13. dxc5 {[%emt 0:01:44]} Bxc5 {[%emt 0:00:26]} 14. Nh5 {[%emt 0:00:27]} Bf2+ {[%emt 0:39:10]} 15. Ke2 {[%emt 0:00:08]} Ke7 {[%emt 0:00:14]} 16. c3 {[%emt 0:00:10]} Nd6 {[%emt 0:01:05]} 17. Qd3 {[%emt 0:05:32]} Bd7 {[%emt 0:04:05]} 18. a4 {[%emt 0:06:08]} a5 {[%emt 0:15:55]} 19. g4 {[%emt 0:03:09]} Ne4 {[%emt 0:01:18]} 20. g5 {[%emt 0:14:02]} f5 {[%emt 0:04:46]} 21. Nf6 {[%emt 0:07:11]} Nxf6 {[%emt 0:06:50]} 22. gxf6+ {[%emt 0:00:11]} Kxf6 {[%emt 0:00:16]} 23. Ne5 {[%emt 0:01:01]} Nxe5 {[%emt 0:02:01]} 24. fxe5+ {[%emt 0:00:14]} Ke7 {[%emt 0:04:33]} 25. Bg5+ {[%emt 0:01:29]} Kf7 {[%emt 0:00:46]} 26. Rd1 {[%emt 0:03:46]} Bxa4 {[%emt 0:00:59]} 27. b3 {[%emt 0:02:04]} Qxb3 {[%emt 0:01:16]} 28. Qb1 {[%emt 0:01:14]} Qxd1+ {[%emt 0:00:32]} 29. Qxd1 {[%emt 0:00:38]} Bxd1+ {[%emt 0:00:03]} 30. Kxd1 {[%emt 0:00:20]} a4 {[%emt 0:00:14]} 31. Kc2 {[%emt 0:03:11]} Rhg8 {[%emt 0:00:22]} 32. h4 {[%emt 0:01:50]} Rg6 {[%emt 0:02:21]} 33. Be2 {[%emt 0:00:16]} h6 {[%emt 0:00:25]} 34. Bh5 {[%emt 0:02:45]} hxg5 {[%emt 0:00:04]} 35. hxg5 {[%emt 0:00:05]} a3 {[%emt 0:00:17]} 36. Rb1 {[%emt 0:04:10]} b6 {[%emt 0:00:21]} 0-1

[Event "Int SVK-ch Open 2020"]
[Site "Drienica"]
[Date "2020.08.12"]
[Round "4.7"]
[White "Kolesar Milan"]
[Black "Priechodsky, Radovan"]
[Result "1/2-1/2"]
[WhiteElo "2186"]
[BlackElo "2003"]
[Annotator "TA"]
[PlyCount "96"]
[EventDate "2020.08.07"]
[EventType "swiss"]
[EventCountry "SVK"]
[SourceTitle "playchess.com"]
[Source "ChessBase"]
[SourceQuality "1"]

{[%evp 9,96,17,32,-8,-25,-48,-42,-85,-91,-136,-76,-103,-79,-77,-76,-119,0,0,97,79,122,107,80,0,5,29,13,0,31,15,56,19,18,4,4,4,15,0,0,0,268,-34,-30,-51,-51,-106,-58,-100,-104,-261,-70,-230,-225,-224,25,26,29,0,0,0,0,0,0,-3,-3,-3,-3,-3,0,0,0,-107,-103,-120,0,0,0,0,0,0,72,0,0,-3,0,-3,-3,-53,-3]} 1. Nf3 d5 2. d4 Nf6 3. c4 e6 4. Nc3 Nbd7 5. Bf4 dxc4 6. e4 {D37: Queen's Gambit Declined: 5 Bf4.} Bb4 7. Qc2 b5 8. a4 Bb7 9. e5 {[#]} Nd5 $146 (9... Bxf3 $142 $1 10. gxf3 Bxc3+ 11. bxc3 Nd5) ({Predecessor:} 9... Bxf3 10. gxf3 Nd5 11. Bd2 a6 12. Rg1 g6 13. Bg5 Qb8 14. Bd2 c5 15. Nxd5 Bxd2+ 16. Qxd2 exd5 17. f4 cxd4 18. Qxd4 {½-½ (18) Almagro Llamas,P (2454)-Barez Menendez,H (2164) Madrid 2012}) 10. Bd2 Bxc3 11. bxc3 a6 12. Rb1 c6 {[#]} (12... c5 $17 {Strongly threatening ...cxd4.} 13. axb5 axb5 14. Rxb5 {[%mdl 64] Double Attack} Ba6) 13. Bxc4 $1 $11 {[%mdl 512]} Qc8 (13... bxc4 $11 {remains equal.} 14. Rxb7 Qc8) 14. Bd3 $16 N5b6 15. Ng5 (15. Bxh7 c5 $14) (15. axb5 $6 cxb5 16. Bxh7 Nc4 $11) 15... c5 16. Ne4 (16. axb5 $16 axb5 17. Ne4 (17. Rxb5 Qc6 $11) (17. Bxb5 cxd4 18. O-O Ba6 $16)) 16... Bxe4 $1 $11 17. Bxe4 Nxa4 18. Bxa8 Qxa8 19. O-O $36 {[%mdl 2048] Hoping for c4. White is pushing.} c4 20. Bc1 Ndb6 21. f4 {With the idea f5.} g6 22. Rf3 Kf8 23. Bd2 h5 24. Rbf1 Nd5 $2 {[%mdl 8192]} (24... Qc8 $11 {and Black has nothing to worry.}) 25. g3 $2 (25. f5 $1 $18 {[%cal Rf5g6]} gxf5 26. Rxf5 exf5 27. Qxf5) 25... Ne7 {[%mdl 1024] Black has compensation.} 26. Qb1 Nf5 27. Qe1 (27. h3 $15) 27... Kg7 28. Qe2 Qd5 29. Be1 $2 {[#]} (29. Qf2 $17) 29... Qb7 $2 (29... b4 $1 $19 {[%mdl 512]} 30. Qd1 (30. cxb4 Nxd4) 30... Nb2) 30. h3 $2 {[#]} (30. Qg2 $15) 30... b4 $1 $19 {[%mdl 512]} 31. Qxc4 {[#]} (31. cxb4 Nxd4) 31... Nxc3 $2 ({Better is} 31... b3 $1 $19 {[%cal Rb3b2] And now ...b2 would win.} 32. Bd2 h4) 32. Bxc3 $11 bxc3 33. Qxc3 Rd8 34. Rd3 h4 35. gxh4 Nxh4 {[%csl Gh4][%cal Rb7g2]} 36. d5 Rxd5 37. Rxd5 Qxd5 {[%csl Gh4][%cal Rd5g2][%mdl 4096] Endgame KQR-KQN} 38. Rf2 Qd1+ 39. Kh2 Nf5 40. Qd2 (40. Qf3 $11 Qd4 41. Ra2) 40... Qb3 $17 {White must now prevent ...Qg3+.} 41. Rg2 {[#]} Qa4 (41... Nh4 $1 $17 {[%cal Rh4f3] ( -> ...Nf3+)} 42. Qb2 Qe3) 42. Qf2 a5 43. Rg4 Qd1 44. Rg1 Qh5 (44... Qd3 $11 {keeps the balance.}) 45. Rf1 ({White should try} 45. Ra1 $16) 45... Qh8 $11 46. Qf3 Qd8 47. Rg1 a4 48. Rd1 Qc7 {Accuracy: White = 46%, Black = 64%.} 1/2-1/2

[Event "Int SVK-ch Open 2020"]
[Site "Drienica"]
[Date "2020.08.10"]
[Round "4.7"]
[White "Hlavac, Peter"]
[Black "Janik, Marek Tobias"]
[Result "1-0"]
[WhiteElo "1952"]
[BlackElo "1600"]
[Annotator "TA"]
[PlyCount "111"]
[EventDate "2020.08.07"]
[EventType "swiss"]
[EventCountry "SVK"]
[SourceTitle "playchess.com"]
[Source "ChessBase"]
[SourceQuality "1"]

{[%evp 10,111,-4,0,54,58,67,56,88,90,114,96,103,97,142,103,266,268,260,177,179,159,155,85,105,85,106,90,227,220,314,270,274,272,247,169,185,190,208,156,150,138,154,112,108,112,106,100,111,113,115,92,92,92,99,93,89,85,88,93,118,111,121,122,114,110,113,112,181,122,185,177,240,257,501,504,494,500,556,556,550,549,548,548,550,509,582,557,547,539,658,632,777,767,742,733,901,885,29982,29983,29983,29984,29984,29985]} 1. Nf3 c5 2. g3 Nc6 3. Bg2 g6 4. d4 cxd4 5. Nxd4 Bg7 6. Nb3 {[#]} e5 $146 {A04: Unusual lines after 1 Nf3 and King's Indian Attack.} (6... Nf6 $11) ({Predecessor:} 6... Nf6 7. Nc3 O-O 8. e4 d6 9. h3 Rb8 10. a4 b6 11. O-O Nd7 12. Be3 Ba6 13. Re1 Bxc3 14. bxc3 Qc7 15. Nd4 {0-1 (71) Onischuk,V (2637)-Donchenko,A (2615) Riga 2019}) 7. Nc3 $14 Nge7 8. Bg5 f6 {White is slightly better.} 9. Be3 f5 10. Qd2 O-O 11. O-O-O b6 12. Nd5 {[#] Black must now prevent Bg5.} Kh8 $2 (12... e4 $16) 13. Bg5 $18 {Hoping for Nxe7.} e4 14. Nxe7 Nxe7 15. Qd6 Rf7 16. f3 (16. h4 $142) 16... Qe8 $16 17. fxe4 {Threatens to win with e5.} fxe4 18. Bxe4 Nc6 {[#]} (18... Nf5 $16 19. Qd5 Rb8) 19. Rhf1 $1 $18 Be5 (19... Rxf1 {was worth a try.} 20. Rxf1 Ba6) 20. Qd5 Rxf1 21. Rxf1 Bb7 22. Bf6+ Bxf6 23. Rxf6 Rc8 24. Rd6 Rc7 {next ...Ne5 is good for Black.} 25. Qc4 Rc8 {Threatening ...Ne5.} 26. Bxc6 Bxc6 27. Qd4+ Kg8 28. e3 Qf7 29. Rf6 Qe7 30. Nd2 Re8 31. Nc4 $40 {[%mdl 128] White wants a kill.} Qe4 32. Qxe4 Rxe4 $16 {[%mdl 4096] Endgame KRB-KRN} 33. Rf4 Re6 34. Kd2 d5 35. Na3 g5 36. Rf5 h6 37. c3 Kg7 38. Nc2 Re4 (38... Bb7 $16 {is a better defense.}) 39. Nd4 (39. Nb4 $18 Bb7 40. Nxd5) 39... Bb7 (39... Kg6 $16 40. Rf2 Bd7) 40. Nb5 Ra4 (40... Bc6 $142) 41. a3 $18 a6 $2 (41... Bc6) 42. Nd6 Bc6 43. Rf7+ Kg6 44. Rc7 Bb5 45. Nxb5 axb5 {KR-KR} 46. Rc6+ Kh5 47. Rxb6 Ra5 48. Rd6 Kg4 49. Rxh6 Kf5 50. Kd3 Ra4 51. h3 Ke5 52. Rh5 Kf5 53. h4 Rg4 54. Rxg5+ {White mates.} Rxg5 55. hxg5 Kxg5 56. Kd4 {Accuracy: White = 77%, Black = 48%.} 1-0

[Event "Int SVK-ch Open 2020"]
[Site "Drienica"]
[Date "2020.08.10"]
[Round "4.8"]
[White "Ferkova, Dominika"]
[Black "Soldan, Jan"]
[Result "1-0"]
[WhiteElo "2088"]
[BlackElo "1782"]
[Annotator "ChessBase"]
[PlyCount "57"]
[EventDate "2020.08.07"]
[EventType "swiss"]
[EventCountry "SVK"]
[SourceTitle "playchess.com"]
[Source "ChessBase"]
[SourceQuality "1"]
[TimeControl "40/5400+30:1800+30"]

1. d4 {[%emt 0:00:00]} Nf6 {[%emt 0:00:39]} 2. c4 {[%emt 0:00:00]} e6 {[%emt 0:00:32]} 3. Nc3 {[%emt 0:00:00]} d5 {[%emt 0:00:18]} 4. Nf3 {[%emt 0:00:19]} Nc6 {[%emt 0:04:51]} 5. Bg5 {[%emt 0:02:22]} Be7 {[%emt 0:00:30]} 6. e3 {[%emt 0:00:15]} a6 {[%emt 0:00:54]} 7. a3 {[%emt 0:04:09]} O-O {[%emt 0:00:41]} 8. Bd3 {[%emt 0:02:35]} h6 {[%emt 0:02:01]} 9. Bh4 {[%emt 0:00:09]} Nh7 {[%emt 0:00:58]} 10. Bxe7 {[%emt 0:01:55]} Nxe7 {[%emt 0:00:14]} 11. O-O {[%emt 0:00:34]} b6 {[%emt 0:09:55]} 12. Rc1 {[%emt 0:05:04]} Bb7 {[%emt 0:01:35]} 13. cxd5 {[%emt 0:01:28]} Nxd5 {[%emt 0:00:43]} 14. Nxd5 {[%emt 0:00:12]} Bxd5 {[%emt 0:00:56]} 15. Qc2 {[%emt 0:05:35]} Ng5 {[%emt 0:00:25]} 16. Nd2 {[%emt 0:10:12]} Ra7 {[%emt 0:06:13]} 17. f4 {[%emt 0:02:35]} f5 {[%emt 0:01:28]} 18. fxg5 {[%emt 0:01:58]} Qxg5 {[%emt 0:00:08]} 19. e4 {[%emt 0:01:56]} Qe3+ {[%emt 0:03:00]} 20. Kh1 {[%emt 0:00:47]} fxe4 {[%emt 0:00:10]} 21. Bxe4 {[%emt 0:04:40]} Bxe4 {[%emt 0:00:31]} 22. Rxf8+ {[%emt 0:00:35]} Kxf8 {[%emt 0:00:06]} 23. Nxe4 {[%emt 0:00:07]} Qxd4 {[%emt 0:01:05]} 24. Rf1+ {[%emt 0:01:15]} Ke7 {[%emt 0:00:23]} 25. Ng3 {[%emt 0:01:39]} c5 {[%emt 0:00:16]} 26. Qe2 {[%emt 0:00:56]} g6 {[%emt 0:00:50]} 27. Qf3 {[%emt 0:00:26]} Qg7 {[%emt 0:05:42]} 28. b3 {[%emt 0:05:27]} Rc7 {[%emt 0:27:08]} 29. Qa8 {[%emt 0:01:57]} 1-0

[Event "Int SVK-ch Open 2020"]
[Site "Drienica"]
[Date "2020.08.12"]
[Round "4.8"]
[White "Mandak, Miroslav"]
[Black "Bombek Peter"]
[Result "0-1"]
[WhiteElo "1933"]
[BlackElo "2165"]
[Annotator "TA"]
[PlyCount "110"]
[EventDate "2020.08.07"]
[EventType "swiss"]
[EventCountry "SVK"]
[SourceTitle "playchess.com"]
[Source "ChessBase"]
[SourceQuality "1"]

{[%evp 17,110,-24,-26,-54,-20,-80,-81,-67,-69,-91,-91,-93,-91,-91,0,-91,-98,-85,-67,-116,-117,-99,-105,-147,-107,-102,-102,-105,-117,-101,-110,-142,-139,-125,-107,-127,-77,-116,-79,-175,-201,-194,-194,-194,-177,-185,-201,-192,-202,-202,-204,-204,-204,-204,-180,-408,-387,-415,-266,-500,-476,-7618,-6151,-4622,-4618,-8136,-7520,-29978,-29980,-29980,-29981,-29981,-29982,-29980,-29981,-29982,-29983,-29983,-29984,-29985,-29985,-29987,-29987,-29990,-29991,-29993,-29989,-29992,-29993,-29993,-29993,-29993,-29992,-29992,-29990]} 1. e4 e6 2. d4 d5 3. Nc3 Nf6 4. Bg5 Bb4 5. e5 h6 6. Bd2 Bxc3 7. bxc3 Ne4 8. Bd3 Nxd2 9. Qxd2 c5 10. Nh3 {C12: French: Classical System: McCutcheon Variation.} Qa5 {[#]} 11. f4 $146 (11. Nf4 $11) ({Predecessor:} 11. Nf4 Nc6 12. c4 dxc4 13. Qxa5 Nxa5 14. Be4 cxd4 15. O-O-O d3 16. cxd3 cxd3 17. Nh5 Bd7 18. Rxd3 {0-1 (45) Pfleger,S (1987)-Dette,J (2083) Germany 2019}) 11... Nc6 $17 {[%cal Bb8c6,Bc6a5,Ba5c4][%mdl 32]} 12. dxc5 {Black is better.} Qxc5 13. Nf2 Bd7 14. O-O Na5 15. Kh1 O-O (15... Rc8 $17) 16. Nd1 (16. Ng4 $11 {keeps the balance.} Rfc8 17. Rab1) 16... Rac8 17. Qe2 Nc4 18. h3 f6 $36 {[%mdl 2048] Black is on the roll.} 19. exf6 Rxf6 20. Kh2 e5 21. Bxc4 Qxc4 22. Qxc4 Rxc4 23. Ne3 Rcxf4 24. Rxf4 Rxf4 25. Nxd5 {[%mdl 4096] Endgame KRB-KRN} Rf2 26. Rb1 Kh7 ({Much worse is} 26... Rxc2 $6 27. Rxb7 Be6 28. Nb4 $11) 27. Rb2 Bf5 {...Be4 is the strong threat.} 28. Rxb7 (28. Kg1 $17 Rd2 29. Ne3) 28... Be4 $19 {[%mdl 64] [#] Double Attack} ({And not} 28... Bxc2 29. Rb2 $14) ({Worse is} 28... Rxc2 29. Ne3 $16) 29. c4 Rxg2+ 30. Kh1 {Hoping for Nf6+.} Rxc2+ 31. Kg1 {White wants to play Nf6+.} Rxc4 32. Nf6+ Kg6 33. Nxe4 Rxe4 34. Rxa7 {KR-KR} Re2 35. a4 Kf6 36. Rb7 $2 {[#]} (36. h4) 36... Ra2 37. Rb4 Kf5 38. h4 $2 (38. Rb7) 38... g5 39. h5 (39. hxg5 $142 hxg5 40. Kf1) 39... g4 40. Rb6 Kg5 41. Re6 Kxh5 42. Rxe5+ Kh4 {Black mates.} 43. a5 h5 44. Rb5 g3 45. a6 Rxa6 46. Kg2 Ra2+ 47. Kg1 Kg4 48. Rc5 h4 49. Rc1 Re2 50. Ra1 h3 51. Kh1 Kf3 52. Rb1 Re3 53. Ra1 Rd3 54. Re1 Rd2 55. Ra1 Ke2 {Accuracy: White = 51%, Black = 79%.} 0-1

[Event "Int SVK-ch Open 2020"]
[Site "Drienica"]
[Date "2020.08.10"]
[Round "4.9"]
[White "Bochnicka Vladimir"]
[Black "Majek, Kacper"]
[Result "0-1"]
[WhiteElo "2151"]
[BlackElo "1970"]
[Annotator "ChessBase"]
[PlyCount "62"]
[EventDate "2020.08.07"]
[EventType "swiss"]
[EventCountry "SVK"]
[SourceTitle "playchess.com"]
[Source "ChessBase"]
[SourceQuality "1"]
[TimeControl "40/5400+30:1800+30"]

1. e4 {[%emt 0:00:00]} e5 {[%emt 0:00:00]} 2. Nf3 {[%emt 0:00:05]} Nc6 {[%emt 0:00:12]} 3. Bc4 {[%emt 0:00:06]} Bc5 {[%emt 0:00:06]} 4. c3 {[%emt 0:00:05]} Nf6 {[%emt 0:00:11]} 5. d3 {[%emt 0:00:06]} O-O {[%emt 0:00:27]} 6. Nbd2 {[%emt 0:00:09]} d6 {[%emt 0:00:06]} 7. O-O {[%emt 0:00:40]} a5 {[%emt 0:00:20]} 8. a4 {[%emt 0:00:46]} Be6 {[%emt 0:00:55]} 9. Bb3 {[%emt 0:00:36]} Ba7 {[%emt 0:13:36]} 10. h3 {[%emt 0:01:52]} Qd7 {[%emt 0:04:03]} 11. Bc2 {[%emt 0:08:32]} Ne7 {[%emt 0:12:20]} 12. Ng5 {[%emt 0:01:00]} Ng6 {[%emt 0:00:33]} 13. Nxe6 {[%emt 0:00:17]} Qxe6 {[%emt 0:01:07]} 14. Nf3 {[%emt 0:01:04]} d5 {[%emt 0:08:40]} 15. Bb3 {[%emt 0:04:21]} Qc6 {[%emt 0:02:00]} 16. exd5 {[%emt 0:05:08]} Nxd5 {[%emt 0:00:11]} 17. d4 {[%emt 0:04:51]} Rad8 {[%emt 0:11:33]} 18. c4 {[%emt 0:10:17]} Ndf4 {[%emt 0:01:44]} 19. d5 {[%emt 0:00:21]} Qf6 {[%emt 0:05:29]} 20. Be3 {[%emt 0:02:45]} e4 {[%emt 0:07:49]} 21. Ne1 {[%emt 0:27:07]} Bxe3 {[%emt 0:02:03]} 22. fxe3 {[%emt 0:00:16]} Qb6 {[%emt 0:00:03]} 23. Kf2 {[%emt 0:12:35]} Ne5 {[%emt 0:00:33]} 24. Qc2 {[%emt 0:02:59]} Nfd3+ {[%emt 0:01:45]} 25. Nxd3 {[%emt 0:01:20]} Nxd3+ {[%emt 0:00:11]} 26. Ke2 {[%emt 0:00:17]} c6 {[%emt 0:01:53]} 27. Rf5 {[%emt 0:02:17]} cxd5 {[%emt 0:01:48]} 28. Rxd5 {[%emt 0:00:10]} Nb4 {[%emt 0:00:17]} 29. Qc3 {[%emt 0:02:24]} Nxd5 {[%emt 0:00:06]} 30. cxd5 {[%emt 0:00:05]} Rc8 {[%emt 0:00:18]} 31. Bc4 {[%emt 0:00:24]} Rxc4 {[%emt 0:00:05]} 0-1